000 00364cam a2200157ua 4500
041 _aeng
_h
082 _a823.308
_bTRO/TH
100 _aTrollope, Anthony .
245 _aThorne /
_cAnthony Trollope.
_hTextual Documents
250 _a1 /
_b.
260 _aLondon :
_bLongman ,
_c1960.
300 _a148 ; .
504 _a
942 _cBK
999 _c7886
_d7886